Príručka pre audítorov a ekonómov Príloha k ročnej účtovnej závierke podľa Opatrení č.65/277/1993

Guardado en:
Detalles Bibliográficos
Autor principal: Bohdalová, Katarína
Otros Autores: Heissenberger, Karl, Vostřel, Miloslav, Gunda, Vladimír
Formato: Libro
Lenguaje:eslovaco
Publicado: Bratislava Práca 1994
Edición:1. vyd.
Materias:
Etiquetas: Agregar Etiqueta
Sin Etiquetas, Sea el primero en etiquetar este registro!

MARC

LEADER 00000nam a2200000 4500
001 c005167
005 20221214074723.4
020 |a 80-7094-212-6 
041 0 |a slo 
044 |a SK 
245 1 0 |a Príručka pre audítorov a ekonómov  |b Príloha k ročnej účtovnej závierke podľa Opatrení č.65/277/1993  |c Katarína Bohdalová, Karl Heissenberger, Miloslav Vostřel ; Prekl. Vladimír Gunda 
250 |a 1. vyd. 
264 1 |a Bratislava  |b Práca  |c 1994 
300 |a 84 s. 
610 2 0 |a závierka účtovná 
610 2 0 |a účtovníctvo 
610 2 0 |a oceňovanie ekonomické 
610 2 0 |a dane 
610 2 0 |a audítori 
100 1 |a Bohdalová, Katarína 
700 1 |a Heissenberger, Karl 
700 1 |a Vostřel, Miloslav 
700 1 |a Gunda, Vladimír